100 [i.e. One Hundred] Lessons in Classical Ballet /

La Academia Vagánova de Ballet de San Petersburgo es uno de los centros de formación en el género más prestigiados del mundo, por no decir la escuela de ballet por antonomasia. El método Vagánova fue desarrollado por Agrippina Vagánova recuperando las enseñanzas de Marius Petipa en la Escuela de Bal...

Olles dieđut

Furkejuvvon:
Bibliográfalaš dieđut
Váldodahkki: Kostrovitskaya, Vera S. (autor)
Searvvušdahkki: Academia Vagánova de Ballet
Eará dahkkit: Vagánova, Agrippina (idea original) (idea original)
Materiálatiipa: Girji
Giella:eaŋgalasgiella
Almmustuhtton: Nueva York, EUA : Limelight, 2004, c1981
Preanttus:8a edición
Fáttát:
Fáddágilkorat: Lasit fáddágilkoriid
Eai fáddágilkorat, Lasit vuosttaš fáddágilkora!

MARC

LEADER 00000nam^a2200000^a^4500
001 000300715
005 20250521000000.0
009 20260310112521.43
020 |a 0-87910-068-0 
037 |a Acervo ITESO - Biblioteca 
041 |a ING 
082 |a 782. 18107  |b KOS 
100 |a Kostrovitskaya, Vera S.  |e (autor) 
245 1 0 |a 100 [i.e. One Hundred] Lessons in Classical Ballet /  |c V.S. Kostrovitskaya, Academia Vagánova de Ballet ; idea original de A. Vaganova ; tr. por Oleg Briansky. 
250 |a 8a edición 
264 4 |a Nueva York, EUA :  |b Limelight,  |c 2004, c1981 
300 |a 400 p. 
336 |a texto  |b txt  |2 rdacontenido 
337 |a sin mediación  |b n  |2 rdamedio 
338 |a volumen  |b nc  |2 rdasoporte 
520 |a La Academia Vagánova de Ballet de San Petersburgo es uno de los centros de formación en el género más prestigiados del mundo, por no decir la escuela de ballet por antonomasia. El método Vagánova fue desarrollado por Agrippina Vagánova recuperando las enseñanzas de Marius Petipa en la Escuela de Ballet Imperial. Lo expresó en Fundamentos de la danza clásica, que hasta hoy es un texto fundamental en la enseñanza del ballet. La presente obra recupera las lecciones de dicha Academia. 
649 |a XX 
650 |a Academia Vagánova de Ballet -  |x Tema Principal 
650 |a Ballet -  |z San Petersburgo, Rusia -  |x Estudio y Enseñanza 
650 |a Ballet -  |x Estudio y Enseñanza -  |x Tema Principal 
650 |a Danza -  |z San Petersburgo, Rusia -  |x Estudio y Enseñanza 
650 |a Danza -  |x Estudio y Enseñanza 
650 |a Artes Escénicas -  |z San Petersburgo, Rusia -  |x Estudio y Enseñanza 
650 |a Artes Escénicas -  |x Estudio y Enseñanza 
710 |a Academia Vagánova de Ballet 
700 |a Vagánova, Agrippina  |e (idea original) 
910 |a Fondo General 
920 |a Impresos - Libros 
930 |a Reserva Especial 
905 |a 103 
901 |a 0500186510  |b IT1  |c REE  |i C123839  |u 20250521 
902 |a https://opac.biblio.iteso.mx/vufind/Record/000300715